00763nam a22001937a 4500999001900000005001700019010001500036020003000051035001400081037001300095082001400108100002400122245007400146260004500220270006600265300007400331942002800405952013600433 c176423d17642320201222141824.0 aENG-128709 a978-0-19-948762-2c995.00 aEN-112241 bDBAD/PUB a342.54029 aChakrabarty, Bidyut aConstitutionalizing India: an ideational project/bBidyut Chakrabarty aNew DelhibOxford University Pressc2018 bNew Delhie110002a2/11, Ground Floor, Ansari Road, Daryaganj axli+305p.c22cm(hbk)bIncluding bibliographical references and index. 2ddccENh342.54029mCHA 001040708NFICaAVbAVd2020-12-22eDBAD/PUBg995.00l1o342.54029 CHApEN-112241r2022-01-03 00:00:00s2021-12-21t1v995.00yEN